Detalles MARC
| 000 -CABECERA |
| campo de control de longitud fija |
03034nam a2200313 i 4500 |
| 001 - NÚMERO DE CONTROL |
| campo de control |
000014388 |
| 003 - IDENTIFICADOR DEL NÚMERO DE CONTROL |
| campo de control |
DO-SdBNP |
| 005 - FECHA Y HORA DE LA ÚLTIMA TRANSACCIÓN |
| campo de control |
20250820123230.0 |
| 007 - CAMPO FIJO DE DESCRIPCIÓN FÍSICA--INFORMACIÓN GENERAL |
| campo de control de longitud fija |
ta |
| 008 - DATOS DE LONGITUD FIJA--INFORMACIÓN GENERAL |
| campo de control de longitud fija |
091211s2002 dr a 000 0 spa d |
| 040 ## - FUENTE DE LA CATALOGACIÓN |
| Centro catalogador/agencia de origen |
DO-SdBNP |
| Lengua de catalogación |
spa |
| Centro/agencia transcriptor |
BNPHU |
| Normas de descripción |
rda |
| 041 ## - CÓDIGO DE LENGUA |
| Código de lengua del texto/banda sonora o título independiente |
spa |
| 082 #4 - NÚMERO DE LA CLASIFICACIÓN DECIMAL DEWEY |
| Número de clasificación |
972.9373 |
| Número de documento/Ítem |
O12b |
| Número de edición |
22 |
| 100 1# - ENTRADA PRINCIPAL--NOMBRE DE PERSONA |
| Nombre de persona |
Objío G. , César F. |
| Término indicativo de función/relación |
autor |
| Código de función/relación |
aut. |
| 9 (RLIN) |
32495 |
| 245 10 - MENCIÓN DE TÍTULO |
| Título |
Del Baní tradicional / |
| Mención de responsabilidad, etc. |
César F. Objío G. ; prólogo, Héctor Incháustegui Cabral. |
| 264 #1 - PRODUCCIÓN, PUBLICACIÓN, DISTRIBUCIÓN, FABRICACIÓN Y COPYRIGHT |
| Producción, publicación, distribución, fabricación y copyright |
Baní, Provincia Peravia, República Dominicana : |
| Nombre del de productor, editor, distribuidor, fabricante |
Gráficas ITESA, |
| Fecha de producción, publicación, distribución, fabricación o copyright |
2002. |
| 300 ## - DESCRIPCIÓN FÍSICA |
| Extensión |
291 páginas : |
| Otras características físicas |
ilustraciones ; |
| Dimensiones |
21 cm. |
| 336 ## - TIPO DE CONTENIDO |
| Término de tipo de contenido |
texto |
| Código de tipo de contenido |
txt |
| Fuente |
rdacontent |
| 337 ## - TIPO DE MEDIO |
| Nombre/término del tipo de medio |
sin mediación |
| Código del tipo de medio |
n |
| Fuente |
rdamedia |
| 338 ## - TIPO DE SOPORTE |
| Nombre/término del tipo de soporte |
volumen |
| Código del tipo de soporte |
nc |
| Fuente |
rdacarrier |
| 505 ## - NOTA DE CONTENIDO CON FORMATO |
| Título |
Homenaje a Baní -- |
| -- |
Fundación de Baní -- |
| -- |
Una foto banileja famosa en la historia -- |
| -- |
Relación de casas y personaje alrededor del parque -- |
| -- |
Incendio del Teatro de Cintrón -- |
| -- |
La Pintura de la Iglesia -- |
| -- |
Banilejo: siembra hielo -- |
| -- |
¿De dónde vienen los cuartos? -- |
| -- |
Baní en sus fiestas patronales -- |
| -- |
Las fiestas patronales de Baní en los años 40 -- |
| -- |
Recordando cómo eran las fiestas patronales de otros años -- |
| -- |
Noviembre 1910 -- |
| -- |
Amancia Objío Andújar -- |
| -- |
La Ermita de Las Tablas, Baní -- |
| -- |
Ronda nocturna por Villa Majega -- |
| -- |
La Gran Parada -- |
| -- |
Personajes populares banilejos -- |
| -- |
Martín el Farolero -- |
| -- |
Las Mañicas -- |
| -- |
Don Octavio Rojas -- |
| -- |
Don Eduardo Cintrón V -- |
| -- |
Dr. Héctor Israel Pérez Reyes -- |
| -- |
Don Julio Alberto Hernández -- |
| -- |
Don Héctor Colombino Perelló G / |
| Información miscelánea |
OFRENDAS LÍRICAS AL VALLE DEL ENSUEÑO -- |
| Título |
Baní y sus matices carnavalescos -- |
| -- |
Autoridades y personajes de Baní en 1905 -- |
| -- |
Parque de Baní -- |
| -- |
Anuncios comerciantes en 1917 -- |
| -- |
Baní a comienzos del siglo XX -- |
| -- |
José Ramón López -- |
| -- |
Francisco Gregorio Billini -- |
| -- |
Espléndido pasa-día en Baní -- |
| -- |
Sugerencia sobre Engracia y Antoñita -- |
| -- |
Bajo las florestas banilejas -- |
| -- |
In memorian Joaquín Sergio Incháustegui Andújar -- |
| -- |
Baní -- |
| -- |
Reinado en Baní -- |
| -- |
Recordando a Carmita Landestoy -- |
| -- |
El poeta Heredia no nació en Santo Domingo por culpa de Toussaint -- |
| -- |
Orígenes del sistema de riego de Baní -- |
| -- |
Las salinas de Puerto Hermoso son un patrimonio de Baní -- |
| -- |
Palabras pronunciadas por H. Colombino Perelló -- |
| -- |
Aquellas tertulias banilejas -- |
| -- |
Nicolás Heredia era dominicano, no cubano -- |
| -- |
Algo sobre el Dr. Bienvenido Carrasco -- |
| -- |
San Juan se fue a bailar Sarandunga -- |
| -- |
Los ecos veraniegos de la última Sarandunga -- |
| -- |
Recuerdos banilejos -- |
| -- |
Imágenes y sentimientos -- |
| -- |
El hombre que vivió del accidente -- <br/> |
| -- |
Agua banileja -- |
| -- |
Caimito del Guayabal / |
| 590 ## - NOTA LOCAL (RLIN) |
| Nota local |
Inventariado, 2025/ YL |
| 650 #0 - PUNTO DE ACCESO ADICIONAL DE MATERIA--TÉRMINO DE MATERIA |
| Término de materia o nombre geográfico como elemento de entrada |
Ciudades y pueblos |
| Subdivisión geográfica |
República Dominicana |
| 9 (RLIN) |
32619 |
| Fuente del encabezamiento o término |
LEMB |
| 650 #0 - PUNTO DE ACCESO ADICIONAL DE MATERIA--TÉRMINO DE MATERIA |
| Término de materia o nombre geográfico como elemento de entrada |
Ciudades y pueblos |
| Subdivisión geográfica |
República Dominicana |
| Subdivisión general |
Historia |
| 9 (RLIN) |
32619 |
| 651 #4 - PUNTO DE ACCESO ADICIONAL DE MATERIA--NOMBRE GEOGRÁFICO |
| Nombre geográfico |
Baní (República Dominicana) |
| Subdivisión general |
Historia local |
| 9 (RLIN) |
6339 |
| 700 1# - PUNTO DE ACCESO ADICIONAL--NOMBRE DE PERSONA |
| Nombre de persona |
Incháustegui Cabral, Héctor, |
| Fechas asociadas al nombre |
1912-1979 |
| Término indicativo de función/relación |
prologuista |
| 9 (RLIN) |
21024 |
| Código de función/relación |
prol. |
| 910 ## - DATOS DE OPCIÓN DEL USUARIO (OCLC) |
| Datos de opción del usuario |
Validado. Control de calidad BNPHU |
| 942 ## - ELEMENTOS DE PUNTO DE ACCESO ADICIONAL (KOHA) |
| Fuente del sistema de clasificación o colocación |
Dewey Decimal Classification |
| Tipo de ítem Koha |
Libro |